书目信息 |
| 题名: |
常微分方程教程
|
|
| 作者: | 丁同仁 , 李承治 编 | |
| 分册: | ||
| 出版信息: | 北京 高等教育出版社 1991.04 |
|
| 页数: | 384页 | |
| 开本: | 20cm | |
| 丛书名: | ||
| 单 册: | ||
| 中图分类: | O175.1-43 | |
| 科图分类: | ||
| 主题词: | 数学分析 | |
| 电子资源: | ||
| ISBN: | 7-04-003162-0 | |
| 000 | 00624nam0 2200205 45 | |
| 001 | 0238126260 | |
| 005 | 2002061010352570 | |
| 010 | @a7-04-003162-0@dRMB 12.00 | |
| 100 | @a20020610d1991 km y0chiy0120 ea | |
| 101 | 0 | @achi |
| 102 | @aCN@b110000 | |
| 200 | 1 | @a常微分方程教程@AChang Wei Fen Fang Cheng Jiao Cheng@f丁同仁,李承治编@Fding tong ren,li cheng zhi bian |
| 210 | @a北京@c高等教育出版社@d1991.04 | |
| 215 | @a384页@d20cm | |
| 606 | 0 | @a数学分析 |
| 690 | @aO175.1-43@v3 | |
| 701 | 0 | @a丁同仁@Ading tong ren@4编 |
| 701 | 0 | @a李承治@Ali cheng zhi@4编 |
| 801 | 0 | @aCN@bPFT@c20020610 |
| 905 | @a安徽大学@dO175.1-43@eD577 | |
| 常微分方程教程/丁同仁,李承治编.-北京:高等教育出版社,1991.04 |
| 384页;20cm |
| ISBN 7-04-003162-0:RMB 12.00 |
| ● |
| 相关链接 |
|
|
|
正题名:常微分方程教程
索取号:O175.1-43/D577
 
预约/预借
| 序号 | 登录号 | 条形码 | 馆藏地/架位号 | 状态 | 备注 |
| 1 | 361904 | 203619049 | 自科二线504/504自科库 47排6列2层/ [索取号:O175.1-43/D577] | 在馆 | |
| 2 | 361905 | 203619058 | 自科二线504/504自科库 47排6列2层/ [索取号:O175.1-43/D577] | 在馆 | |
| 3 | 361906 | 203619067 | 自科二线504/504自科库 47排6列2层/ [索取号:O175.1-43/D577] | 在馆 |